| 000 | 00699 a2200205 4500 | ||
|---|---|---|---|
| 010 | _aENG-85554 | ||
| 020 |
_c700.00 _a8172732856 |
||
| 035 | _aEN-69087 | ||
| 037 | _bD.B.Act / ven | ||
| 082 | 1 | 4 | _a320.5 |
| 090 |
_c2959 _d2959 |
||
| 100 | 1 | _aRay, B. N. | |
| 245 | 1 |
_aNietzsche after hunderd years _cbyB. N. Ray and Tracy B. Strong _ba cross cultural dialogue |
|
| 260 |
_aDelhi _bAuthors Press _c2006 |
||
| 270 |
_aE-35/103, Jawahar Park, Laxmi Nagar, _bDelhi _e110 092 _mauthorspress@yahoo.com |
||
| 300 |
_axxxii, 271p. _c22 cm (Pbk.) |
||
| 500 | _aIncludes index | ||
| 942 |
_adpl _cEN _k320.5 / RAY |
||
| 999 |
_c2902 _d2902 |
||